00269nam a2200121Ia 45000030006000000080041000060400015000471000020000622450018000822600018001005460012001180050017001300STCL150530s9999 xx 000 0 und d aSTCLcSTCL aRafael Sabatini aTavern Knight bPenguinc1940 aEnglish20220125171029.0